Environment Agency v Lewin Fryer and Partners (Record no. 78156)

MARC details
000 -LEADER
fixed length control field 01865cab a2200193 4500
001 - CONTROL NUMBER
control field L136145
008 - FIXED-LENGTH DATA ELEMENTS--GENERAL INFORMATION
fixed length control field 070115n2006 000 0 eng u
035 ## - SYSTEM CONTROL NUMBER
System control number (Sirsi) u136145
041 0# - LANGUAGE CODE
Language code of text/sound track or separate title eng
245 00 - TITLE STATEMENT
Title Environment Agency v Lewin Fryer and Partners
260 ## - PUBLICATION, DISTRIBUTION, ETC.
Date of publication, distribution, etc. 2006
520 ## - SUMMARY, ETC.
Summary, etc. [2006] EWHC 1597 (TCC), 6 July 2006. The Environment Agency (EA) claimed damages for negligence and breach of contract against Lewin Fryer and Partners (LFP) arising out of the design and construction of the Jubilee River Project. This was a flood alleviation scheme covering Maidenhead, Windsor and Eton. The EA allege that, after this date, there were floods and extensive damage due to deficiencies in the design work carried out by LFP. LFP sought extensive pre-action disclosure against three contractors involved in the Project,but were abandoned just before or at the outset of that hearing. LFP sought to recover against the EA their own costs of that pre-action disclosure application, together with the costs that they have been ordered to pay the three successful contractors. LFP say that these costs would never have been incurred but for the failures on the part of the EA to carry out their own disclosure obligations properly and their conduct during the relevant period of February to April this year. "Held": LFP's claims for the costs arising out of their applications for pre-action disclosure against two of the contractor was rejected, but claim for the costs arising out of the application against one of the contractors was accepted.
590 ## - LOCAL NOTE (RLIN)
Local note KA
650 24 - SUBJECT ADDED ENTRY--TOPICAL TERM
Topical term or geographic name entry element ENVIRONMENT AGENCY V LEWIN FRYER AND PARTNERS
651 #4 - SUBJECT ADDED ENTRY--GEOGRAPHIC NAME
Geographic name England
Chronological subdivision 886-
690 ## - LOCAL SUBJECT ADDED ENTRY--TOPICAL TERM (OCLC, RLIN)
Topical term or geographic name as entry element ENVIRONMENTAL AND LAND CONSULTANCY-ENVIRONMENTAL MANAGEMENT
856 40 - ELECTRONIC LOCATION AND ACCESS
Uniform Resource Identifier <a href="https://www.bailii.org/ew/cases/EWHC/TCC/2006/1597.html">https://www.bailii.org/ew/cases/EWHC/TCC/2006/1597.html</a>
Public note View the item free of charge at www.bailii.org...
942 ## - ADDED ENTRY ELEMENTS (KOHA)
Suppress in OPAC 0
Holdings
Withdrawn status Lost status Source of classification or shelving scheme Damaged status Not for loan Home library Current library Shelving location Date acquired Total Checkouts Full call number Barcode Date last seen Copy number Price effective from Koha item type
    Dewey Decimal Classification     Virtual Virtual Online 15/01/2007   L136145 136145-2001 06/08/2019 1 06/08/2019 Law report